00500nam a2200133Ia 4500008004100000100002200041245010100063245006300164260005300227260001600280300000800296650001500304856004700319170221s9999 xx 000 0 und d aAris Tri Haryanto aMarket Orientation, Learning Orientation and SMES Performance: The Mediating Role of Innovation  cAris Tri Haryanto, Tulus Haryono, Hunik Sri Runing Sawitri bInternational Review of Management and Marketing cAugust 2016 a5:3 xMarketing. uhttp://www.econjournals.com/index.php/irmm